Statistiche per Derby nazionali in Finale UEFA Champions League

Clicka qui per fare il quiz!

Statistiche generali

  • Questo quiz è stato fatto 100 volte
    (69 dall'ultimo reset)
  • Il punteggio medio è 16 su 16

Statistiche sulle risposte

StagioneNazioneSquadre% Corretto
Atletico Madrid
100%
Atletico Madrid
100%
2012-2013GermaniaBorussia Dortmund
100%
2002-2003ItaliaJuventus
100%
2020-2021InghilterraManchester City
100%
Milan
100%
1999-2000SpagnaReal Madrid
100%
2013-2014SpagnaReal Madrid
100%
2015-2016SpagnaReal Madrid
100%
Bayern Monaco
98%
Chelsea
98%
Chelsea
98%
Liverpool
98%
2007-2008InghilterraManchester United
98%
2018-2019InghilterraTottenham
94%
Valencia
92%

Distribuzione punteggi

Percentile per numero di risposta

Percentuale di utenti per punteggio

I tuoi punteggi nel tempo

Non hai fatto questo quiz dall'ultimo reset